00197nam a22000857a 4500020001800000100001900018245003700037260002500074300001200099 a9780439857970 aMegan McDonald aJudy Moody Declares Independence aNew YorkbScholastic a144 pgs